000 00445nam a2200133Ia 4500
003 GCL
008 140319s9999 xx 000 0 ara d
040 _aGCL /
_cGCL
082 0 4 _a239
_bص ر
245 1 0 _aالرحيث المختوم: بحث فى السيرة النبوية على صاحبها افضل الصلاة والسلام
260 _a[S.N] :
_bدار الرحمة للنشر والتوزيع ،
_c1990
300 _a602 ص
490 _a
999 _c53420
_d53420